000 00491nam a2200181Ia 4500
005 20250508152854.0
008 008 250505s9999 xx 000 0 eng d
037 _aTextual
040 _aFEDL
_beng
_cFEDL
041 _aeng
_2eng
084 _a376, OLL
_qFEDL
100 _aOllerenshaw Kathleen
_993363
245 0 _aEducation for girls
260 _aLondon, UK
_bFaber and Faber Limited
_c1961
300 _a196p.
942 _cTEXL
_h376, OLL
999 _c1339317
_d1339317